Language Quiz

Random Language or State Quiz

Most Common Language in Each U.S. State Quiz Stats

 Plays Quiz not verified by Sporcle

Challenge
Share
Tweet
Embed
Score 0/50 Timer 02:00
0 Plays Today
State Language % Correct
ConnecticutFrench
96.6%
DelawareFrench
96.6%
FloridaFrench Creole
96.6%
LouisianaFrench
96.6%
MaineFrench
96.6%
MarylandFrench
96.6%
MississippiFrench
96.6%
New HampshireFrench
96.6%
North CarolinaFrench
96.6%
South CarolinaFrench
96.6%
VermontFrench
96.6%
West VirginiaFrench
96.6%
AlabamaGerman
93.8%
ArkansasGerman
93.8%
ColoradoGerman
93.8%
IdahoGerman
93.8%
IndianaGerman
93.8%
IowaGerman
93.8%
KansasGerman
93.8%
KentuckyGerman
93.8%
MissouriGerman
93.8%
MontanaGerman
93.8%
North DakotaGerman
93.8%
OhioGerman
93.8%
TennesseeGerman
93.8%
State Language % Correct
UtahGerman
93.8%
WisconsinGerman
93.8%
WyomingGerman
93.8%
New YorkChinese
88.3%
MassachusettsPortuguese
79.9%
Rhode IslandPortuguese
79.9%
New JerseyItalian
76.5%
PennsylvaniaItalian
76.5%
OregonRussian
73.5%
MichiganArabic
64.2%
GeorgiaKorean
60.2%
VirginiaKorean
60.2%
IllinoisPolish
55.2%
NebraskaVietnamese
54.3%
OklahomaVietnamese
54.3%
TexasVietnamese
54.3%
WashingtonVietnamese
54.3%
CaliforniaTagalog
46%
HawaiiTagalog
46%
NevadaTagalog
46%
ArizonaNavajo
41%
New MexicoNavajo
41%
MinnesotaHmong
22.5%
AlaskaYupik
22.2%
South DakotaDakota
15.7%

You're not logged in!

Compare scores with friends on all Sporcle quizzes.
OR
Log In

You Might Also Like...

Show Comments

Extras

Created May 13, 2014SourceReportNominate
Tags:State Quiz, America, USA

Top Quizzes Today


Score Distribution

Your Account Isn't Verified!

In order to create a playlist on Sporcle, you need to verify the email address you used during registration. Go to your Sporcle Settings to finish the process.

Report this User

Report this user for behavior that violates our Community Guidelines.

Details: